[Event "Minsk Kupreichik Memorial op"]
[Site "Minsk"]
[Date "2024.05.18"]
[Round "2"]
[White "Klachkou, Platon"]
[Black "Pasiashnichenka, Dzmitry"]
[Result "0-1"]
[WhiteElo "1984"]
[BlackElo "1682"]
[PlyCount "90"]
[EventDate "2024.05.17"]
[EventType "swiss"]
[EventRounds "7"]
[EventCountry "BLR"]
[SourceTitle "CBM 220 Extra"]
[Source "ChessBase"]
[SourceDate "2024.07.31"]
[SourceVersion "1"]
[SourceVersionDate "2024.07.31"]
[SourceQuality "1"]

1. Nf3 Nf6 2. g3 g6 3. Bg2 Bg7 4. 0-0 0-0 5. d3 d5 6. Nbd2 c5 7. e4 Nc6 8. c3 e5 9. Re1 h6 10. Qb3 d4 11. cxd4 cxd4 12. Nc4 Nd7 13. Bd2 Qe7 14. Rac1 Kh7 15. Na5 Ndb8 16. a3 Nxa5 17. Bxa5 Nc6 18. Bb4 Nxb4 19. Qxb4 Qxb4 20. axb4 Bg4 21. Rc7 b5 22. Rc5 Rfc8 23. Rec1 f6 24. Nd2 Bf8 25. Rc7+ Kg8 26. Bf3 Bd6 27. R7c6 Bd7 28. Rxd6 Rxc1+ 29. Kg2 Be8 30. Nb3 Rc6 31. Rd5 Bf7 32. Nc5 Bxd5 33. exd5 Rd6 34. h4 Rad8 35. h5 gxh5 36. Ne4 f5 37. Nxd6 Rxd6 38. Kh3 Kg7 39. Kh4 Kf6 40. Kxh5 e4 41. dxe4 fxe4 42. Bxe4 d3 43. Bf3 d2 44. Kxh6 Ke5+ 45. Kg7 Rf6 0-1

[Event "BLR-ch sf"]
[Site "Minsk"]
[Date "2023.12.15"]
[Round "9"]
[White "Pasiashnichenka, Dzmitry"]
[Black "Kasperovich, Valery"]
[Result "1-0"]
[WhiteElo "1420"]
[BlackElo "1257"]
[PlyCount "61"]
[EventDate "2023.12.07"]
[EventType "swiss"]
[EventRounds "9"]
[EventCountry "BLR"]
[SourceTitle "CBM 217 Extra"]
[Source "ChessBase"]
[SourceDate "2024.01.31"]
[SourceVersion "1"]
[SourceVersionDate "2024.01.31"]
[SourceQuality "1"]

1. d4 Nf6 2. c4 e6 3. Nc3 Bb4 4. f3 d5 5. a3 Be7 6. e4 0-0 7. cxd5 exd5 8. e5 Ne8 9. Be3 b6 10. b4 Bb7 11. f4 Nd7 12. b5 c6 13. bxc6 Bxc6 14. Nf3 Bb7 15. Bd3 Rc8 16. Qd2 Nb8 17. 0-0 Ba6 18. Bxa6 Nxa6 19. Ne2 Nb8 20. f5 f6 21. Nf4 Nc7 22. g4 Qd7 23. Qg2 Nc6 24. exf6 Rxf6 25. Ne5 Qd8 26. g5 Rd6 27. f6 Bf8 28. f7+ Kh8 29. Nfg6+ Rxg6 30. Nxg6+ hxg6 31. Qh3# 1-0

[Event "BLR-ch sf"]
[Site "Minsk"]
[Date "2023.12.09"]
[Round "3"]
[White "Pasiashnichenka, Dzmitry"]
[Black "Boika, Aliaksandr"]
[Result "1-0"]
[WhiteElo "1420"]
[BlackElo "1108"]
[PlyCount "89"]
[EventDate "2023.12.07"]
[EventType "swiss"]
[EventRounds "9"]
[EventCountry "BLR"]
[SourceTitle "CBM 217 Extra"]
[Source "ChessBase"]
[SourceDate "2024.01.31"]
[SourceVersion "1"]
[SourceVersionDate "2024.01.31"]
[SourceQuality "1"]

1. d4 d5 2. c4 e6 3. Nc3 c5 4. cxd5 exd5 5. Nf3 Nc6 6. g3 Nf6 7. Bg2 Be7 8. 0-0 0-0 9. Bg5 Be6 10. Rc1 Nd7 11. Bxe7 Nxe7 12. dxc5 Rc8 13. b4 Nf6 14. e3 Nf5 15. Nd4 Nxd4 16. Qxd4 a5 17. a3 axb4 18. axb4 Qd7 19. Rfd1 Rfd8 20. Ra1 Rc7 21. b5 Qc8 22. Na4 Qd7 23. Rab1 Qe7 24. Rdc1 Bd7 25. Nb6 Bf5 26. Rb2 h6 27. Rd2 Be6 28. e4 Bd7 29. exd5 Rcc8 30. d6 Qe8 31. Nxc8 Rxc8 32. Bxb7 Rb8 33. c6 Rxb7 34. cxb7 Qb8 35. Rc7 Qe8 36. Qe3 Qb8 37. Rdc2 Kh7 38. b6 Bf5 39. Ra2 Nd5 40. Qf3 Nxb6 41. Qxf5+ g6 42. Qxf7+ Kh8 43. Ra8 Nxa8 44. Rc8+ Qxc8 45. bxc8R# 1-0

[Event "BLR-ch sf"]
[Site "Minsk"]
[Date "2023.12.08"]
[Round "2"]
[White "Baikou, Stsiapan"]
[Black "Pasiashnichenka, Dzmitry"]
[Result "1/2-1/2"]
[WhiteElo "1129"]
[BlackElo "1420"]
[PlyCount "110"]
[EventDate "2023.12.07"]
[EventType "swiss"]
[EventRounds "9"]
[EventCountry "BLR"]
[SourceTitle "CBM 217 Extra"]
[Source "ChessBase"]
[SourceDate "2024.01.31"]
[SourceVersion "1"]
[SourceVersionDate "2024.01.31"]
[SourceQuality "1"]

1. e4 c5 2. Nc3 e6 3. d4 cxd4 4. Qxd4 Nc6 5. Qd1 Nf6 6. Bg5 Bb4 7. a3 Bc5 8. Bxf6 Qxf6 9. Nf3 0-0 10. Be2 Nd4 11. 0-0 a6 12. Qd2 b5 13. Nxd4 Bxd4 14. Rad1 Bc5 15. Bf3 Rb8 16. b4 Ba7 17. Rfe1 Qe5 18. Ne2 Qc7 19. Qc3 Qb6 20. Qd4 Qc7 21. Qc3 Qd8 22. Rd6 Rb6 23. Red1 Rxd6 24. Rxd6 Bb8 25. Rd1 Bb7 26. Qd3 d6 27. Nc1 Qc7 28. g3 Rc8 29. Rd2 Rd8 30. Ne2 d5 31. exd5 exd5 32. Qc3 Qe7 33. Qe3 Qd6 34. Qb3 Bc6 35. Nd4 Ba8 36. a4 Ba7 37. axb5 Bxd4 38. Rxd4 axb5 39. Qd3 Bc6 40. c3 g6 41. Rf4 Re8 42. Kg2 Re5 43. Qd4 Kg7 44. Qa7 Re7 45. Qd4+ Re5 46. Qd3 h6 47. Rd4 h5 48. h4 Qe6 49. Qd2 Re1 50. Qd3 Re5 51. Kh2 Rf5 52. Kg2 Qf6 53. Qe3 Kh7 54. Qe2 Re5 55. Qd3 Qe6 1/2-1/2

[Event "Minsk op"]
[Site "Minsk"]
[Date "2022.08.07"]
[Round "5"]
[White "Sarbay, Alexander"]
[Black "Pasiashnichenka, Dzmitry"]
[Result "1-0"]
[WhiteElo "2083"]
[BlackElo "1526"]
[PlyCount "75"]
[EventDate "2022.08.03"]
[EventType "swiss"]
[EventRounds "9"]
[EventCountry "BLR"]
[SourceTitle "CBM 209 Extra"]
[Source "ChessBase"]
[SourceDate "2022.09.30"]
[SourceVersion "1"]
[SourceVersionDate "2022.09.30"]
[SourceQuality "1"]

1. e4 g6 2. d4 Bg7 3. Nc3 c6 4. f4 d5 5. e5 f6 6. Nf3 Nh6 7. Be3 Bg4 8. h3 Bxf3 9. Qxf3 0-0 10. exf6 exf6 11. Bd3 f5 12. 0-0-0 Nd7 13. g4 Qc7 14. Ne2 Rae8 15. Bd2 Nb6 16. Bb4 fxg4 17. hxg4 Rf7 18. Rh2 Qd7 19. Rg1 Nc4 20. Bxc4 dxc4 21. Bd2 Qe6 22. Nc3 Rfe7 23. d5 cxd5 24. Nxd5 Rd7 25. Re1 Qf7 26. Rxe8+ Qxe8 27. Re2 Qd8 28. Nc3 a6 29. Qe4 b5 30. Qe6+ Rf7 31. Qxa6 b4 32. Qb5 Bf8 33. Nd5 c3 34. bxc3 bxc3 35. Bxc3 Nxg4 36. Re8 Qd7 37. Rxf8+ Kxf8 38. Qb8+ 1-0